Slovenskú korunu nahradí euro

Vznik koruny ako základnej peňažnej jednotky. Peňažná reforma v roku 1892. Rakúsko-uhorská banka. Začiatky peňažníctva a bankovníctva na Slovensku. Bankocetle ako prvé papierové peniaze na slovenskom území. Činnosť a úloha Rakúskej národnej banky v peňažnej sústave. Reformné opatrenia z roku 1862....

Descripción completa

Guardado en:
Detalles Bibliográficos
Autor principal: Kyjac, Pavol
Formato: Capítulo de libro
Lenguaje:eslovaco
Materias:
Etiquetas: Agregar Etiqueta
Sin Etiquetas, Sea el primero en etiquetar este registro!

MARC

LEADER 00000naa$a2200000$$$4500
001 0078532
005 20231116084930.4
041 0 |a slo 
044 |a SK 
245 1 0 |a Slovenskú korunu nahradí euro  |c Pavol Kyjac 
520 |a Vznik koruny ako základnej peňažnej jednotky. Peňažná reforma v roku 1892. Rakúsko-uhorská banka. Začiatky peňažníctva a bankovníctva na Slovensku. Bankocetle ako prvé papierové peniaze na slovenskom území. Činnosť a úloha Rakúskej národnej banky v peňažnej sústave. Reformné opatrenia z roku 1862. Rakúsko-uhorské vyrovnanie a vznik Rakúsko-uhorskej banky. Finančná kríza. 
610 2 0 |a mena 
610 2 0 |a Slovensko 
610 2 0 |a história 
610 2 0 |a vývoj menový 
610 2 0 |a koruna 
610 2 0 |a reformy menové 
610 2 0 |a reformy peňažné 
610 2 0 |a banky 
610 2 0 |a sústava banková 
100 1 |a Kyjac, Pavol